Earthquakes

Bibliographic Details
Main Author: Lye, Keith
Format: Book
Published: London : Franklin Watts , 1992
Series:First start
Subjects:

MARC

LEADER 00000cam a2200000 7i4500
001 0000001237
002 000001366
005 20000330.0
020 |a 0749608528 
090 0 0 |a J 030   |b FIR 
100 1 |a Lye, Keith 
245 1 0 |a Earthquakes   |c Keith Lye 
260 |a London :   |b Franklin Watts ,   |c 1992 
300 |a 32p. ;   |c 22cm. 
490 0 |a First start 
650 0 0 |a Earthquakes   |x Juvenile literature 
999 |a 031032   |b BUKU   |c PINJAMAN   |e PERPUSTAKAAN KOMUNITI PETALING JAYA